| 000 | 01018cam a2200289 a 4500 | ||
|---|---|---|---|
| 001 | 60048 | ||
| 005 | 20260317162221.0 | ||
| 008 | 180519s2018 ck ab gr 000 fdspa | ||
| 020 | _a9789584267214 | ||
| 020 | _a9584267213 | ||
| 040 |
_aCO-BoBN _bspa _cCO-BoBN _erda |
||
| 082 | 0 | 4 |
_aCo863.861 _bM539a _223 |
| 084 | _aN MEN1 | ||
| 100 | 1 |
_aMendoza Zambrano, Mario, _d1964- _eautor _940723 |
|
| 245 | 1 | 3 |
_aEl mensajero de Agartha 8: _bEn busca de Akakor/ _cMario Mendoza ; ilustraciones, Book and Play Studio |
| 250 | _atercera edición | ||
| 264 | 1 |
_aBogotá, Colombia _bEditorial Planeta Colombiana _c2023 |
|
| 300 |
_a193 páginas _bilustraciones en blanco y negro _c21 cm |
||
| 336 |
_atexto _btxt _2rdacontenido |
||
| 337 |
_ano mediado _bn _2rdamedio |
||
| 338 |
_avolumen _bnc _2rdasoporte |
||
| 490 |
_aEl mensajero de Agartha _v8 |
||
| 500 | _aIncluye datos biográficos del autor | ||
| 650 | 1 | 4 |
_aNovela juvenil colombiana _ySiglo XXI _2LEMB _962960 |
| 710 | 2 |
_aBook and Play Studio, _967621 |
|
| 942 | _cBKLIT | ||
| 999 |
_c60048 _d60048 |
||